Normal view
MARC view
- Ihsan H. Nadeem
Entry Personal Name
001 - CONTROL NUMBER
- control field: 58428
003 - CONTROL NUMBER IDENTIFIER
- control field: NUST
005 - DATE AND TIME OF LATEST TRANSACTION
- control field: 20210628202136.0
008 - FIXED-LENGTH DATA ELEMENTS
- fixed length control field: 210628|| aca||aabn | a|a d
040 ## - CATALOGING SOURCE
- Original cataloging agency: NUST
- Transcribing agency: NUST
100 ## - HEADING--PERSONAL NAME
- Personal name: Ihsan H. Nadeem
670 ## - SOURCE DATA FOUND
- Source citation: Work cat.: (NUST): Ihsan H. Nadeem, Thar, the great pakistani desert,land, history and people, 2001
